| 000 | 00353nam a22001577a 4500 | ||
|---|---|---|---|
| 003 | OSt | ||
| 008 | 210814b ||||| |||| 00| 0 eng d | ||
| 082 |
_a200 _bGIS |
||
| 100 | G | _aGita Press | |
| 245 | _aSri Ramcharitmanas | ||
| 250 | _aRep | ||
| 260 |
_aKolkata _bGita Press Gorakhpur _c2016 |
||
| 300 | _a912 | ||
| 650 | _aReligious | ||
| 942 |
_2ddc _cBK |
||
| 999 |
_c10900 _d10900 |
||